| 000 | 00749cab a2200265 4500 | ||
|---|---|---|---|
| 001 | ABS57912 | ||
| 008 | 090401t1997 xxu||||| |||| 00| 0 eng d | ||
| 035 | _a(Sirsi) u82277 | ||
| 041 | _aeng | ||
| 100 | _aLopatin, M. | ||
| 245 | _aGiants stalk Square Mile | ||
| 260 | _c1997 | ||
| 350 | _a0 | ||
| 490 |
_aEstates Gazette _v(9746) 15 November 1997, 56-57(2) |
||
| 520 | _aDiscusses whether the City of London can satisfy demand for large sites by the multinationals. | ||
| 650 | _aBANKS | ||
| 650 | _aCITY OF LONDON | ||
| 650 | _aCOMMERCIAL DEVELOPMENT | ||
| 650 | _aMULTINATIONALS | ||
| 650 | _aOFFICE DEVELOPMENT | ||
| 650 | _aSUPPLY AND DEMAND | ||
| 690 | _aPROPERTY-PROPERTY DEVELOPMENT | ||
| 942 | _n0 | ||
| 948 | _c21/11/1997 | ||
| 999 |
_c51918 _d51918 |
||